Situación laboral en Costa Rica

में बचाया:
ग्रंथसूची विवरण
निगमित लेखक: Confederación Auténtica de Trabajadores Democrática
स्वरूप: मूलपाठ
प्रकाशित: San José: CATD
टैग: टैग जोड़ें
कोई टैग नहीं, इस रिकॉर्ड को टैग करने वाले पहले व्यक्ति बनें!

MARC

LEADER 00000 a a2200000 04500
001 20385
003
040
090 |a 085100  
110 |a Confederación Auténtica de Trabajadores Democrática  
245 |a Situación laboral en Costa Rica  
260 |a San José:   |b CATD  
300 |a 19 p.  
999 |c 12901  |d 12901